[Event "Dhaka Zia Memorial"]
[Site "Dhaka"]
[Date "2025.07.08"]
[Round "6"]
[White "Chatterjee, Debaraj"]
[Black "Muhimenul, Islam"]
[Result "1-0"]
[WhiteElo "2147"]
[BlackElo "2077"]
[PlyCount "81"]
[EventDate "2025.07.05"]
[EventType "swiss"]
[EventRounds "9"]
[EventCountry "BAN"]
[SourceTitle "CB29_2025"]
[SourceDate "2025.07.16"]
[SourceVersion "1"]
[SourceVersionDate "2025.07.16"]
[SourceQuality "1"]

1. d4 Nf6 2. c4 e6 3. g3 d5 4. Bg2 Nbd7 5. Nf3 b6 6. Nc3 Bb7 7. Ne5 Be7 8. Qa4 0-0 9. 0-0 Nxe5 10. dxe5 Nd7 11. cxd5 Nxe5 12. d6 Bxg2 13. dxe7 Qxe7 14. Kxg2 c5 15. Qe4 Ng6 16. f4 f5 17. Qf3 Rad8 18. Be3 e5 19. Rad1 e4 20. Qh5 Qf7 21. Kf2 Kh8 22. Rxd8 Rxd8 23. Qg5 Ne7 24. Rd1 Rxd1 25. Nxd1 h6 26. Qh4 Kh7 27. Nc3 Qe6 28. Qh3 Nd5 29. Nxd5 Qxd5 30. a3 g6 31. Qf1 Kg7 32. Qc1 Kf7 33. b4 c4 34. Qc3 b5 35. Qh8 h5 36. Bd4 e3+ 37. Kxe3 Qe4+ 38. Kf2 Qh1 39. Qf6+ Ke8 40. Qxg6+ Kd8 41. Qd6+ 1-0

[Event "BAN-ch 48th"]
[Site "Dhaka"]
[Date "2024.06.29"]
[Round "7"]
[White "Chatterjee, Debaraj"]
[Black "Rahman, Ziaur"]
[Result "0-1"]
[WhiteElo "2132"]
[BlackElo "2423"]
[PlyCount "64"]
[EventDate "2024.06.23"]
[EventType "tourn"]
[EventRounds "13"]
[EventCountry "BAN"]
[SourceTitle "EXT 2025"]
[Source "ChessBase"]
[SourceDate "2024.10.14"]
[SourceVersion "1"]
[SourceVersionDate "2024.10.14"]
[SourceQuality "1"]

1. d4 d5 2. c4 e6 3. Nf3 Nf6 4. g3 Bb4+ 5. Nbd2 0-0 6. Bg2 b6 7. 0-0 Bb7 8. a3 Be7 9. cxd5 exd5 10. b4 Nbd7 11. Ne5 Re8 12. Bb2 Bd6 13. Ndc4 Bf8 14. Ne3 Ne4 15. Qc2 Ndf6 16. f3 Nd6 17. Rfc1 c6 18. Nf5 Nxf5 19. Qxf5 Rc8 20. Qd3 c5 21. b5 Nd7 22. Bh3 Nxe5 23. dxe5 Rc7 24. e3 d4 25. exd4 Rxe5 26. Qf1 Rd5 27. dxc5 Rcxc5 28. a4 Rd2 29. Rd1 Rcd5 30. Rxd2 Rxd2 31. Be5 Qd5 32. Re1 Bc5+ 0-1

[Event "BAN-ch 48th"]
[Site "Dhaka"]
[Date "2024.06.28"]
[Round "6"]
[White "Mohammad Fahad, Rahman"]
[Black "Chatterjee, Debaraj"]
[Result "1-0"]
[WhiteElo "2437"]
[BlackElo "2132"]
[PlyCount "45"]
[EventDate "2024.06.23"]
[EventType "tourn"]
[EventRounds "13"]
[EventCountry "BAN"]
[SourceTitle "EXT 2025"]
[Source "ChessBase"]
[SourceDate "2024.10.14"]
[SourceVersion "1"]
[SourceVersionDate "2024.10.14"]
[SourceQuality "1"]

1. e4 c5 2. Nf3 d6 3. d4 cxd4 4. Nxd4 Nf6 5. Nc3 a6 6. Rg1 e5 7. Nb3 h5 8. Bg5 Be6 9. Qd2 Nbd7 10. 0-0-0 b5 11. Bd3 b4 12. Na4 a5 13. f4 Be7 14. Kb1 0-0 15. f5 Bxb3 16. cxb3 Qc7 17. g4 hxg4 18. h3 d5 19. hxg4 Nxe4 20. Bxe4 Bxg5 21. Qxg5 dxe4 22. Rxd7 Qxd7 23. f6 1-0

[Event "BAN-chB 48th"]
[Site "Dhaka"]
[Date "2024.06.10"]
[Round "4"]
[White "Abu Sufian, Sakil"]
[Black "Chatterjee, Debaraj"]
[Result "1/2-1/2"]
[WhiteElo "2202"]
[BlackElo "2132"]
[PlyCount "100"]
[EventDate "2024.06.07"]
[EventType "swiss"]
[EventRounds "9"]
[EventCountry "BAN"]
[SourceTitle "EXT 2025"]
[Source "ChessBase"]
[SourceDate "2024.10.14"]
[SourceVersion "1"]
[SourceVersionDate "2024.10.14"]
[SourceQuality "1"]

1. e4 c5 2. Nf3 d6 3. Bb5+ Nd7 4. a4 Ngf6 5. Nc3 g6 6. a5 Bg7 7. 0-0 a6 8. Be2 b5 9. axb6 Bb7 10. d3 0-0 11. Qd2 a5 12. Qf4 Qxb6 13. Qh4 Bc6 14. Nd2 a4 15. Nc4 Qc7 16. Bh6 Rfb8 17. Bxg7 Kxg7 18. f4 d5 19. exd5 Nxd5 20. Ne4 N5f6 21. Ned2 Nb6 22. Nxb6 Qxb6 23. Nc4 Qb7 24. Bf3 Bxf3 25. Rxf3 Qd5 26. Kh1 Ra7 27. Qe1 Ng4 28. Ra3 Rbb7 29. Rf1 Qd4 30. Qe2 h5 31. f5 Nh6 32. fxg6 fxg6 33. Qe6 Rd7 34. Raa1 Qd5 35. Qxd5 Rxd5 36. b3 a3 37. Rxa3 Rxa3 38. Nxa3 Nf5 39. Re1 Kf6 40. Kg1 Nd4 41. Kf2 Rf5+ 42. Kg1 Rd5 43. Rf1+ Kg7 44. Rf2 Rd8 45. Nc4 Ra8 46. g3 Ra1+ 47. Kg2 Rc1 48. Ne3 Re1 49. Nd5 Rc1 50. Ne3 Re1 1/2-1/2

[Event "BAN-chT Premier"]
[Site "Dhaka"]
[Date "2022.12.09"]
[Round "10.5"]
[White "Chatterjee, Debaraj"]
[Black "Zia, Tahsin Tajwar"]
[Result "0-1"]
[WhiteElo "2196"]
[BlackElo "2241"]
[PlyCount "92"]
[EventDate "2022.11.30"]
[EventType "team-tourn"]
[EventRounds "11"]
[EventCountry "BAN"]
[SourceTitle "CBM 211 Extra"]
[Source "ChessBase"]
[SourceDate "2023.01.31"]
[SourceVersion "1"]
[SourceVersionDate "2023.01.31"]
[SourceQuality "1"]
[WhiteTeam "Bangladesh Biman"]
[BlackTeam "Palli Sanchoy Bank"]
[WhiteTeamCountry "BAN"]
[BlackTeamCountry "BAN"]

1. d4 d5 2. c4 e6 3. Nf3 Nf6 4. g3 Bb4+ 5. Bd2 a5 6. Bg2 0-0 7. a3 Be7 8. Qc2 c6 9. 0-0 Nbd7 10. Bf4 b6 11. Nc3 Ba6 12. cxd5 cxd5 13. Rac1 Rc8 14. Qd1 b5 15. a4 b4 16. Nb5 Qb6 17. Qd3 Ne4 18. Nd2 g5 19. Be3 Nd6 20. Nf3 Bxb5 21. axb5 Qxb5 22. Qb1 Ne4 23. Qd3 Qxd3 24. exd3 Nd6 25. Nxg5 Bxg5 26. Bxg5 Nb5 27. Be3 a4 28. Bf3 a3 29. bxa3 bxa3 30. Rb1 Rb8 31. Rfc1 Rb6 32. Ra1 Ra8 33. Ra2 Nd6 34. Rc3 Rb1+ 35. Kg2 Nb5 36. Rcc2 Nb6 37. h4 Na4 38. Rc1 Rxc1 39. Bxc1 Nac3 40. Ra1 a2 41. Bb2 Ra4 42. Re1 Rb4 43. Ba1 Rb1 44. Kf1 Na4 45. Ke2 Na3 46. Rd1 Nc2 0-1

[Event "BAN-chT Premier"]
[Site "Dhaka"]
[Date "2022.12.04"]
[Round "5.4"]
[White "Harikrishnan, A Ra"]
[Black "Chatterjee, Debaraj"]
[Result "1-0"]
[WhiteElo "2409"]
[BlackElo "2196"]
[PlyCount "81"]
[EventDate "2022.11.30"]
[EventType "team-tourn"]
[EventRounds "11"]
[EventCountry "BAN"]
[SourceTitle "CBM 211 Extra"]
[Source "ChessBase"]
[SourceDate "2023.01.31"]
[SourceVersion "1"]
[SourceVersionDate "2023.01.31"]
[SourceQuality "1"]
[WhiteTeam "Leonine CC"]
[BlackTeam "Bangladesh Biman"]
[WhiteTeamCountry "BAN"]
[BlackTeamCountry "BAN"]

1. d4 Nf6 2. Nf3 g6 3. Bf4 Bg7 4. e3 0-0 5. Be2 d6 6. h3 Nc6 7. Bh2 Nd7 8. 0-0 e5 9. c4 f5 10. Nc3 g5 11. d5 Ncb8 12. Nd2 f4 13. Nde4 h6 14. b4 Nf6 15. c5 Nxe4 16. Nxe4 Bf5 17. Bd3 a5 18. b5 Bxe4 19. Bxe4 Nd7 20. c6 Nc5 21. cxb7 Rb8 22. Qc2 Rxb7 23. a4 Qd7 24. Ra3 Rbb8 25. Rc3 Rf6 26. Bf3 Bf8 27. Bg4 Qg7 28. e4 Qg6 29. Bf5 Qe8 30. Rc4 Ra8 31. Rb1 Qb8 32. Kh1 Qb6 33. f3 Be7 34. Bg1 Bf8 35. Rd1 Kg7 36. Bg4 Rd8 37. Qc3 Re8 38. Bh5 Rg6 39. Rc1 Kf6 40. Bxc5 dxc5 41. Rxc5 1-0

[Event "BAN-chT Premier"]
[Site "Dhaka"]
[Date "2022.12.03"]
[Round "4.4"]
[White "Chatterjee, Debaraj"]
[Black "Hossain, Showkat Pollab"]
[Result "1-0"]
[WhiteElo "2196"]
[BlackElo "1989"]
[PlyCount "77"]
[EventDate "2022.11.30"]
[EventType "team-tourn"]
[EventRounds "11"]
[EventCountry "BAN"]
[SourceTitle "CBM 211 Extra"]
[Source "ChessBase"]
[SourceDate "2023.01.31"]
[SourceVersion "1"]
[SourceVersionDate "2023.01.31"]
[SourceQuality "1"]
[WhiteTeam "Bangladesh Biman"]
[BlackTeam "Sheikh Russel"]
[WhiteTeamCountry "BAN"]
[BlackTeamCountry "BAN"]

1. d4 Nf6 2. c4 e6 3. g3 d5 4. Bg2 Bb4+ 5. Nd2 0-0 6. Qc2 c6 7. a3 Bd6 8. Ngf3 Nbd7 9. 0-0 b6 10. e4 dxe4 11. Nxe4 Nxe4 12. Qxe4 Bb7 13. Ne5 Rc8 14. b4 Ba8 15. Qe2 Qc7 16. Nxd7 Qxd7 17. c5 Be7 18. Rd1 Bb7 19. Bf4 Rfe8 20. h4 Ra8 21. Rac1 Rec8 22. h5 a5 23. h6 g5 24. Be3 axb4 25. axb4 b5 26. d5 cxd5 27. Qb2 f6 28. Bxg5 Qd8 29. Bh4 Qf8 30. Qe2 Qf7 31. Bh3 Ra6 32. Qxb5 Rc7 33. Qe2 e5 34. b5 Ra4 35. c6 Ba8 36. Ra1 Ba3 37. Qd3 e4 38. Qb3 Ra5 39. Rxa3 1-0

[Event "BAN-chT"]
[Site "Dhaka"]
[Date "2022.03.19"]
[Round "10.5"]
[White "Mitrabha, Guha"]
[Black "Chatterjee, Debaraj"]
[Result "1/2-1/2"]
[WhiteElo "2510"]
[BlackElo "2196"]
[PlyCount "172"]
[EventDate "2022.03.10"]
[EventType "team-tourn"]
[EventRounds "11"]
[EventCountry "BAN"]
[SourceTitle "CBM 207 Extra"]
[Source "ChessBase"]
[SourceDate "2022.05.31"]
[SourceVersion "1"]
[SourceVersionDate "2022.05.31"]
[SourceQuality "1"]
[WhiteTeam "Bangladesh Biman"]
[BlackTeam "Shahin CC"]
[WhiteTeamCountry "BAN"]
[BlackTeamCountry "BAN"]

1. d4 Nf6 2. Nf3 g6 3. Nbd2 Bg7 4. e4 d6 5. Bb5+ c6 6. Bd3 0-0 7. 0-0 Nbd7 8. Re1 e5 9. c3 Re8 10. a4 Qc7 11. Nf1 Nh5 12. a5 Nf8 13. Be3 Bg4 14. dxe5 dxe5 15. h3 Bxf3 16. Qxf3 Nf4 17. Bc2 b5 18. h4 N8e6 19. g3 Nh5 20. Nh2 Nf6 21. Bb3 h5 22. Kh1 Rad8 23. Rg1 c5 24. Bxe6 Rxe6 25. g4 Qc6 26. gxh5 Nxh5 27. Bg5 Rd7 28. Nf1 f6 29. Be3 f5 30. Re1 f4 31. Bc1 c4 32. Nh2 Rd3 33. Qg4 Red6 34. Nf3 Qd7 35. Qxd7 Rxd7 36. Kg2 Bf6 37. Re2 a6 38. Rd2 Rxd2 39. Bxd2 Rd3 40. Bc1 Kf7 41. Bd2 Ke6 42. Rb1 Bxh4 43. Nxh4 Rxd2 44. Nf3 Rd3 45. Rh1 Kf6 46. Rh4 b4 47. cxb4 Rb3 48. Rh1 Ke6 49. Ng5+ Kf6 50. Nf3 Ke6 51. Rd1 Nf6 52. Rd8 Rxb2 53. Ng5+ Ke7 54. Ra8 c3 55. Rxa6 c2 56. Rc6 Kd7 57. Rc5 Rxb4 58. Rxc2 Nxe4 59. Nf3 Ke6 60. Re2 Kd5 61. Ra2 Nc3 62. Ra3 Nb5 63. Rd3+ Nd4 64. Nxd4 exd4 65. Ra3 Rb7 66. a6 Ra7 67. Kf3 g5 68. Ra4 d3 69. Ra5+ Kd4 70. Rxg5 Rxa6 71. Rg8 Rd6 72. Rc8 Rd5 73. Rc7 Rd8 74. Rc6 Rd5 75. Rc7 Rc5 76. Rd7+ Kc3 77. Kxf4 d2 78. Ke4 Kc2 79. f4 d1Q 80. Rxd1 Kxd1 81. f5 Rc2 82. f6 Rf2 83. Ke5 Ke2 84. Ke6 Kf3 85. f7 Kg4 86. Ke7 Kg5 1/2-1/2

[Event "BAN-chT"]
[Site "Dhaka"]
[Date "2022.03.13"]
[Round "4.5"]
[White "Chatterjee, Debaraj"]
[Black "Anata, Choudhury"]
[Result "1/2-1/2"]
[WhiteElo "2196"]
[BlackElo "2185"]
[PlyCount "111"]
[EventDate "2022.03.10"]
[EventType "team-tourn"]
[EventRounds "11"]
[EventCountry "BAN"]
[SourceTitle "CBM 207 Extra"]
[Source "ChessBase"]
[SourceDate "2022.05.31"]
[SourceVersion "1"]
[SourceVersionDate "2022.05.31"]
[SourceQuality "1"]
[WhiteTeam "Shahin CC"]
[BlackTeam "Rupali Bank Krira Parisad"]
[WhiteTeamCountry "BAN"]
[BlackTeamCountry "BAN"]

1. d4 Nf6 2. c4 e6 3. Nf3 d5 4. g3 Bb4+ 5. Bd2 a5 6. Bg2 0-0 7. 0-0 dxc4 8. Qc2 b5 9. a4 c6 10. axb5 Bxd2 11. Nfxd2 Nd5 12. Na3 cxb5 13. Nxb5 Ba6 14. Nc3 Nc6 15. e3 Rb8 16. Rfb1 Rb4 17. Na2 Bb5 18. Nxb4 Ncxb4 19. Qc1 Nd3 20. Qd1 c3 21. Ne4 Nxb2 22. Qb3 Bc4 23. Qa3 Bd3 24. Rc1 Nc4 25. Qa4 c2 26. Rxc2 Ncb6 27. Qb3 Bxc2 28. Qxc2 a4 29. Nc5 Qc7 30. Qb1 Rd8 31. Bxd5 Rxd5 32. Nxa4 Nxa4 33. Rxa4 g6 34. Rb4 Kg7 35. Rb7 Qc3 36. Rb3 Qd2 37. Rb2 Qa5 38. Qc1 Qa8 39. Rb1 Ra5 40. Qc3 Ra3 41. Qc7 Qe4 42. Qb7 Qf5 43. Kg2 Ra2 44. Rb2 Ra1 45. e4 Qg4 46. f3 Qg5 47. Qc7 Rc1 48. Rc2 Rd1 49. Qc3 Qb5 50. d5+ Kh6 51. Rf2 exd5 52. Qe5 Qd7 53. g4 dxe4 54. Qxe4 Qd4 55. Qxd4 Rxd4 56. Kg3 1/2-1/2

[Event "BAN-chT"]
[Site "Dhaka"]
[Date "2022.03.11"]
[Round "2.4"]
[White "Chatterjee, Debaraj"]
[Black "Aronyak, Ghosh"]
[Result "0-1"]
[WhiteElo "2196"]
[BlackElo "2482"]
[PlyCount "106"]
[EventDate "2022.03.10"]
[EventType "team-tourn"]
[EventRounds "11"]
[EventCountry "BAN"]
[SourceTitle "CBM 207 Extra"]
[Source "ChessBase"]
[SourceDate "2022.05.31"]
[SourceVersion "1"]
[SourceVersionDate "2022.05.31"]
[SourceQuality "1"]
[WhiteTeam "Shahin CC"]
[BlackTeam "Leonine CC"]
[WhiteTeamCountry "BAN"]
[BlackTeamCountry "BAN"]

1. d4 Nf6 2. c4 e6 3. g3 c5 4. d5 exd5 5. cxd5 d6 6. Nc3 g6 7. Bg2 Bg7 8. Nf3 0-0 9. 0-0 Re8 10. Nd2 Nbd7 11. h3 a6 12. a4 b6 13. Nc4 Ne5 14. Na3 Nh5 15. e4 b5 16. axb5 axb5 17. Ncxb5 Ba6 18. Rb1 Rb8 19. Qa4 Rb6 20. Nc7 Bxf1 21. Qxe8+ Qxe8 22. Nxe8 Bd3 23. Nxg7 Kxg7 24. Ra1 Nf6 25. f3 Rb3 26. Kf2 Ba6 27. g4 Nd3+ 28. Kg3 Nxc1 29. Rxc1 Nxe4+ 30. Kh2 Nd2 31. Kg3 Rxb2 32. Rc2 Rb3 33. Rxd2 Rxa3 34. g5 c4 35. Rc2 Rd3 36. Bf1 Rxd5 37. Bxc4 Rxg5+ 38. Kf4 Rf5+ 39. Kg3 Rg5+ 40. Kf4 Rc5 41. Bb3 Rxc2 42. Bxc2 Kf6 43. h4 h6 44. Bb3 Bc8 45. Bd5 Be6 46. Bc6 g5+ 47. hxg5+ hxg5+ 48. Ke4 d5+ 49. Kd4 Kf5 50. Ba4 Kf4 51. Bd1 f6 52. Be2 Bf7 53. Bd1 Bh5 0-1

[Event "BAN-ch 46th"]
[Site "Dhaka"]
[Date "2022.01.04"]
[Round "8"]
[White "Md, Sharif Hossain"]
[Black "Chatterjee, Debaraj"]
[Result "1/2-1/2"]
[WhiteElo "2211"]
[BlackElo "2204"]
[PlyCount "107"]
[EventDate "2021.12.27"]
[EventType "tourn"]
[EventRounds "13"]
[EventCountry "BAN"]
[EventCategory "1"]
[SourceTitle "EXT 2023"]
[Source "ChessBase"]
[SourceDate "2022.10.05"]
[SourceVersion "1"]
[SourceVersionDate "2022.10.05"]
[SourceQuality "1"]

1. e4 d5 2. exd5 Qxd5 3. Nc3 Qa5 4. d4 Nf6 5. Nf3 Bf5 6. Ne5 c6 7. Bd3 Bxd3 8. Qxd3 Nbd7 9. Nc4 Qa6 10. Qe2 e6 11. Bf4 Nd5 12. Nd6+ Bxd6 13. Qxa6 bxa6 14. Bxd6 Nxc3 15. bxc3 Nb6 16. Rb1 0-0-0 17. Bg3 Rd5 18. Ke2 Rhd8 19. Rb3 c5 20. Rhb1 cxd4 21. cxd4 Rxd4 22. Rc3+ Rc4 23. Rxc4+ Nxc4 24. Rb8+ Kd7 25. Rb7+ Ke8 26. Rxa7 Rd2+ 27. Ke1 Rxc2 28. Rxa6 Nb2 29. a4 Nd3+ 30. Kf1 e5 31. a5 Ke7 32. Bh4+ f6 33. Ra7+ Kf8 34. f3 Ra2 35. a6 Nb4 36. Ra8+ Kf7 37. a7 Nc6 38. Bf2 Nd4 39. g4 Kg6 40. h4 h6 41. f4 Ra1+ 42. Kg2 Ra2 43. h5+ Kh7 44. f5 Ra3 45. Be3 Ra2+ 46. Kf1 Ra1+ 47. Kg2 Ra2+ 48. Bf2 Ra3 49. Bg1 Ra2+ 50. Kf1 Ra1+ 51. Kf2 Ra3 52. Kf1 Ra1+ 53. Kg2 Ra2+ 54. Bf2 1/2-1/2

[Event "BAN-ch 46th"]
[Site "Dhaka"]
[Date "2021.12.31"]
[Round "5"]
[White "Chatterjee, Debaraj"]
[Black "Mollah Abdullah, Al Rakib"]
[Result "0-1"]
[WhiteElo "2204"]
[BlackElo "2459"]
[PlyCount "82"]
[EventDate "2021.12.27"]
[EventType "tourn"]
[EventRounds "13"]
[EventCountry "BAN"]
[EventCategory "1"]
[SourceTitle "EXT 2023"]
[Source "ChessBase"]
[SourceDate "2022.10.05"]
[SourceVersion "1"]
[SourceVersionDate "2022.10.05"]
[SourceQuality "1"]

1. d4 Nf6 2. c4 e6 3. Nf3 Ne4 4. e3 Bb4+ 5. Nbd2 b6 6. a3 Bxd2+ 7. Nxd2 Nxd2 8. Bxd2 Bb7 9. Qc2 f5 10. Bc3 0-0 11. 0-0-0 d6 12. d5 Nd7 13. f3 Qe7 14. Kb1 Rae8 15. dxe6 Qxe6 16. Bd3 Nc5 17. Rhe1 Re7 18. b4 Nxd3 19. Qxd3 Ba6 20. b5 Bb7 21. Qd4 Rfe8 22. Kb2 Qf7 23. h4 Re5 24. Qf4 Rc5 25. Rd4 d5 26. Bb4 Rxc4 27. Rxc4 dxc4 28. Rd1 a6 29. bxa6 Bxa6 30. Bc3 Bc8 31. Qg5 h6 32. Qf4 Be6 33. h5 Bd5 34. Rh1 Re7 35. Rh3 Kf8 36. Rg3 Qxh5 37. Qd4 Be6 38. Qd8+ Qe8 39. Bxg7+ Kf7 40. Qd4 Qb5+ 41. Kc1 c3 0-1

[Event "BAN-ch 46th"]
[Site "Dhaka"]
[Date "2021.12.30"]
[Round "4"]
[White "Mehdi, Hasan Parag"]
[Black "Chatterjee, Debaraj"]
[Result "1-0"]
[WhiteElo "2230"]
[BlackElo "2204"]
[PlyCount "79"]
[EventDate "2021.12.27"]
[EventType "tourn"]
[EventRounds "13"]
[EventCountry "BAN"]
[EventCategory "1"]
[SourceTitle "EXT 2023"]
[Source "ChessBase"]
[SourceDate "2022.10.05"]
[SourceVersion "1"]
[SourceVersionDate "2022.10.05"]
[SourceQuality "1"]

1. e4 d5 2. exd5 Qxd5 3. Nc3 Qa5 4. d4 Nf6 5. Nf3 Bf5 6. Bc4 e6 7. Bd2 Bb4 8. a3 Bxc3 9. Bxc3 Qb6 10. 0-0 Nc6 11. b4 Bg4 12. h3 Bxf3 13. Qxf3 0-0-0 14. d5 exd5 15. Bxf6 gxf6 16. Bxd5 Nd4 17. Qh5 Nxc2 18. Ra2 Nd4 19. Bxf7 Rd7 20. Re1 f5 21. Bc4 Qf6 22. Kh1 c6 23. a4 Kc7 24. b5 Qg6 25. Qh4 Rhd8 26. bxc6 bxc6 27. Rb2 Rb8 28. Qf4+ Qd6 29. Qxd6+ Rxd6 30. Re7+ Kd8 31. Rxb8+ Kxe7 32. Rh8 h6 33. Rh7+ Kd8 34. Rxa7 f4 35. Rf7 f3 36. gxf3 Nc2 37. a5 Rd1+ 38. Kg2 Ra1 39. a6 Nb4 40. a7 1-0

[Event "BAN-chB 46th"]
[Site "Dhaka"]
[Date "2021.12.17"]
[Round "3"]
[White "Md, Sariatullah"]
[Black "Chatterjee, Debaraj"]
[Result "0-1"]
[WhiteElo "1965"]
[BlackElo "2204"]
[PlyCount "34"]
[EventDate "2021.12.15"]
[EventType "swiss"]
[EventRounds "9"]
[EventCountry "BAN"]
[SourceTitle "CBM 206 Extra"]
[Source "ChessBase"]
[SourceDate "2022.03.31"]
[SourceVersion "1"]
[SourceVersionDate "2022.03.31"]
[SourceQuality "1"]

1. e4 d5 2. exd5 Qxd5 3. Nc3 Qa5 4. d4 Nf6 5. Bd2 Bg4 6. f3 Bd7 7. Bc4 Qb6 8. Qe2 Nc6 9. d5 Nd4 10. Qd1 Bf5 11. Bb3 0-0-0 12. Bf4 Nxb3 13. axb3 e6 14. Bg5 Bb4 15. Qe2 Nxd5 16. 0-0-0 Nxc3 17. bxc3 Ba3+ 0-1

[Event "BAN-chB 46th"]
[Site "Dhaka"]
[Date "2021.12.16"]
[Round "2"]
[White "Chatterjee, Debaraj"]
[Black "Sacchu, Afzal Hossain"]
[Result "0-1"]
[WhiteElo "2204"]
[BlackElo "2057"]
[PlyCount "106"]
[EventDate "2021.12.15"]
[EventType "swiss"]
[EventRounds "9"]
[EventCountry "BAN"]
[SourceTitle "CBM 206 Extra"]
[Source "ChessBase"]
[SourceDate "2022.03.31"]
[SourceVersion "1"]
[SourceVersionDate "2022.03.31"]
[SourceQuality "1"]

1. d4 Nf6 2. c4 e6 3. g3 d5 4. Bg2 Be7 5. Nf3 0-0 6. 0-0 Ne4 7. Qc2 f5 8. Nc3 c6 9. Rb1 Nd7 10. e3 Qa5 11. c5 Qc7 12. b4 e5 13. Ne2 exd4 14. Nfxd4 Ne5 15. f3 Nf6 16. Nxf5 Nc4 17. e4 Bxf5 18. exf5 a5 19. a3 axb4 20. axb4 b6 21. Nd4 bxc5 22. Ne6 Qa7 23. Nxf8 cxb4+ 24. Kh1 Bxf8 25. Re1 c5 26. Qd3 Na3 27. Bxa3 Qxa3 28. Qb5 Qa6 29. Qxa6 Rxa6 30. f4 c4 31. g4 c3 32. g5 Ne4 33. Bxe4 dxe4 34. Re2 Rc6 35. Rc2 Rc4 36. Kg2 Bd6 37. Kg3 Kf7 38. Kg4 e3 39. Kf3 Bxf4 40. h4 h6 41. Ke2 Rd4 42. Ra2 hxg5 43. hxg5 Bxg5 44. Ra7+ Kf6 45. Rc7 Kxf5 46. Rc5+ Kf6 47. Rc6+ Kf7 48. Rc7+ Kg8 49. Rc8+ Kh7 50. Rh1+ Bh6 51. Rb1 Rd2+ 52. Kf3 e2 53. Re1 c2 0-1

[Event "Dhaka Year Long IM 1st"]
[Site "Dhaka"]
[Date "2021.10.06"]
[Round "9"]
[White "Chatterjee, Debaraj"]
[Black "Manon, Reja Neer"]
[Result "1-0"]
[WhiteElo "2226"]
[BlackElo "2139"]
[PlyCount "101"]
[EventDate "2021.09.29"]
[EventType "tourn"]
[EventRounds "11"]
[EventCountry "BAN"]
[EventCategory "1"]
[SourceTitle "CBM 204 Extra"]
[Source "ChessBase"]
[SourceDate "2021.11.30"]
[SourceVersion "1"]
[SourceVersionDate "2021.11.30"]
[SourceQuality "1"]

1. d4 Nf6 2. c4 e6 3. g3 d5 4. Nf3 Be7 5. Bg2 0-0 6. 0-0 dxc4 7. Qc2 a6 8. a4 Bd7 9. Qxc4 Bc6 10. Bg5 Bd5 11. Qc2 Nbd7 12. Nc3 c5 13. e4 Bc6 14. Rfd1 cxd4 15. Nxd4 Qc7 16. Nxc6 bxc6 17. Bf4 e5 18. Bg5 Qb7 19. a5 Nc5 20. Na4 Nb3 21. Rab1 Nd4 22. Qc4 Qb5 23. Nb6 Ra7 24. Be3 Qxa5 25. Bxd4 exd4 26. Qxc6 Bc5 27. b4 Qxb6 28. Qxc5 Qxc5 29. bxc5 Nd7 30. c6 Ne5 31. Rdc1 Rc7 32. f4 Ng4 33. e5 d3 34. Rb7 Rcc8 35. Rd7 Rfd8 36. Rd1 Rxd7 37. cxd7 Rd8 38. Rxd3 Kf8 39. Bc6 Ke7 40. Ra3 f6 41. h3 Nh6 42. exf6+ gxf6 43. g4 Rb8 44. Rxa6 Nf7 45. Kg2 Rb3 46. Ra2 Re3 47. Bb5 Nd8 48. Rd2 Rb3 49. Bc4 Re3 50. Bd3 Ne6 51. Bf5 1-0

[Event "Dhaka Year Long IM 1st"]
[Site "Dhaka"]
[Date "2021.10.01"]
[Round "3"]
[White "Ahmed, Sk Nasir"]
[Black "Chatterjee, Debaraj"]
[Result "1/2-1/2"]
[WhiteElo "2228"]
[BlackElo "2226"]
[PlyCount "106"]
[EventDate "2021.09.29"]
[EventType "tourn"]
[EventRounds "11"]
[EventCountry "BAN"]
[EventCategory "1"]
[SourceTitle "CBM 204 Extra"]
[Source "ChessBase"]
[SourceDate "2021.11.30"]
[SourceVersion "1"]
[SourceVersionDate "2021.11.30"]
[SourceQuality "1"]

1. c4 Nf6 2. g3 g6 3. Bg2 Bg7 4. Nc3 0-0 5. e4 d6 6. Nge2 c5 7. 0-0 Nc6 8. d3 Bg4 9. h3 Bxe2 10. Nxe2 Rb8 11. Be3 e5 12. Nc3 Ne8 13. f4 exf4 14. Bxf4 Nc7 15. Qd2 Ne5 16. Bg5 Qd7 17. Rad1 a6 18. Bh6 b5 19. cxb5 axb5 20. Bxg7 Kxg7 21. d4 Nc4 22. Qf2 b4 23. b3 bxc3 24. bxc4 Qe7 25. Qc2 Ne6 26. dxc5 dxc5 27. Qxc3+ Nd4 28. Kh2 Qe5 29. Rd2 Rfd8 30. Rdf2 Rd7 31. Qa5 Rbb7 32. Qc3 Ra7 33. Qe3 Ra4 34. Rc1 Rda7 35. Qd2 Qe6 36. e5 Rxc4 37. Rxc4 Qxc4 38. Qf4 Qe6 39. h4 Re7 40. Qf6+ Kg8 41. Bd5 Qxf6 42. exf6 Rd7 43. Rb2 h5 44. Bc4 Nf3+ 45. Kg2 Ne5 46. Be2 Rd6 47. Rb8+ Kh7 48. Re8 Nc6 49. Rc8 Rxf6 50. Bb5 Na7 51. Rxc5 Nxb5 52. Rxb5 Ra6 53. Rb2 Ra3 1/2-1/2

[Event "Dhaka Sheikh Hasina op"]
[Site "Dhaka"]
[Date "2021.09.19"]
[Round "1"]
[White "Md Sajidul, Haque"]
[Black "Chatterjee, Debaraj"]
[Result "0-1"]
[WhiteElo "1740"]
[BlackElo "2206"]
[PlyCount "96"]
[EventDate "2021.09.19"]
[EventType "swiss"]
[EventRounds "9"]
[EventCountry "BAN"]
[SourceTitle "CBM 204 Extra"]
[Source "ChessBase"]
[SourceDate "2021.11.30"]
[SourceVersion "1"]
[SourceVersionDate "2021.11.30"]
[SourceQuality "1"]

1. e4 d5 2. exd5 Qxd5 3. Nc3 Qa5 4. d4 Nf6 5. Nf3 c6 6. Bd2 Bf5 7. h3 e6 8. Ne4 Qc7 9. Nxf6+ gxf6 10. Bc3 Nd7 11. Bd3 Bg6 12. Qd2 0-0-0 13. 0-0-0 Bd6 14. g3 Rhg8 15. Kb1 f5 16. Rde1 Bh5 17. Ne5 Bxe5 18. dxe5 Nc5 19. Qe3 Nxd3 20. cxd3 Qb6 21. Qxb6 axb6 22. Re3 f4 23. gxf4 Rg2 24. Rf1 Bg6 25. Kc2 c5 26. Kd2 c4 27. Ke1 Bxd3 28. Rh1 Rdg8 29. Rg3 R8xg3 30. fxg3 Kc7 31. Bd4 Kc6 32. Rg1 Re2+ 33. Kd1 Kd5 34. Bc3 Rh2 35. h4 Be2+ 36. Kc1 h5 37. Kd2 Bg4+ 38. Kc1 Ke4 39. Bb4 Ke3 40. Re1+ Kf2 41. Re4 b5 42. Be7 Bf5 43. Rd4 Kxg3 44. Bg5 Rc2+ 45. Kd1 Rxb2 46. Rd7 c3 47. a3 Rb1+ 48. Ke2 c2 0-1

[Event "BAN-chT Premier"]
[Site "Dhaka"]
[Date "2021.03.29"]
[Round "11.2"]
[White "Asif, Mahmud"]
[Black "Chatterjee, Debaraj"]
[Result "0-1"]
[WhiteElo "1907"]
[BlackElo "2223"]
[PlyCount "90"]
[EventDate "2021.03.19"]
[EventType "team-tourn"]
[EventRounds "11"]
[EventCountry "BAN"]
[SourceTitle "CBM 201 Extra"]
[Source "ChessBase"]
[SourceDate "2021.05.31"]
[SourceVersion "1"]
[SourceVersionDate "2021.05.31"]
[SourceQuality "1"]
[WhiteTeam "Leonine CC"]
[BlackTeam "Shahin CC"]
[WhiteTeamCountry "BAN"]
[BlackTeamCountry "BAN"]

1. d4 Nf6 2. c4 c5 3. d5 e6 4. Nf3 exd5 5. cxd5 d6 6. e4 g6 7. Bd3 Bg7 8. 0-0 0-0 9. h3 b5 10. Re1 Bd7 11. Bf4 Qb6 12. Qc2 Na6 13. a3 c4 14. Bf1 Rac8 15. Nbd2 Nh5 16. Be3 Qb7 17. Bd4 Bxd4 18. Nxd4 Nf4 19. N2f3 Nc5 20. Qd2 Nfd3 21. Bxd3 Nxd3 22. Re2 f6 23. b3 Ne5 24. bxc4 Rxc4 25. Rc1 Rfc8 26. Rxc4 bxc4 27. Qc3 Qb1+ 28. Re1 Qd3 29. Qxd3 Nxd3 30. Rb1 c3 31. Nc2 Ba4 32. Nfd4 Re8 33. f3 f5 34. exf5 Bxc2 35. Nxc2 Re2 36. Nd4 Rb2 37. Rd1 Rd2 38. Rb1 Nc5 39. Rb8+ Kg7 40. Ne6+ Nxe6 41. dxe6 c2 42. Rb7+ Kf6 43. Rf7+ Kg5 44. h4+ Kf4 45. fxg6+ Kg3 0-1